Statystyki dla Alternatywne nazwy krajów

Kliknij tutaj aby rozwiązać quiz!

Ogólne statystyki

  • Ten quiz został rozwiązany 227 razy
  • Średni wynik to 14 z 24

Statystyki odpowiedzi

Nazwa alternatywnaNazwa aktualna% Poprawnych
NiderlandyHolandia
94%
ItaliaWłochy
94%
Kraj Kwitnącej WiśniJaponia
93%
Kraj Klonowego LiściaKanada
90%
Stolica ApostolskaWatykan
83%
PersjaIran
82%
Ziemia ŚwiętaIzrael
76%
Państwo ŚrodkaChiny
69%
Republika ChińskaTajwan
69%
CejlonSri Lanka
65%
Pakistan WschodniBangladesz
60%
Gujana HolenderskaSurinam
58%
Perła Korony BrytyjskiejIndie
56%
ZairDemokratyczna Republika Konga
54%
SyjamTajlandia
53%
AbisyniaEtiopia
52%
Zielona WyspaIrlandia
47%
Wyspa AfrodytyCypr
43%
HelwecjaSzwajcaria
35%
Republika MalgaskaMadagaskar
26%
RodezjaZimbabwe
26%
Górna WoltaBurkina Faso
25%
DahomejBenin
16%
AnnamWietnam
8%

Rozkład punktacji

Percentyl według liczby udzielonych odpowiedzi

Procent ludzi z każdym wynikiem

Twoja historia wyników

Nie rozwiązałeś tego quizu